| 000 | 00810cab a2200229 4500 | ||
|---|---|---|---|
| 001 | WB3304-21 | ||
| 008 | 090401t1997 xxu||||| |||| 00| 0 eng d | ||
| 035 | _a(Sirsi) u33042 | ||
| 041 | _aeng | ||
| 245 | _aLettings warning | ||
| 260 | _c1997 | ||
| 350 | _a0 | ||
| 490 |
_aDaily Telegraph _v22 January 1997, 33(1) |
||
| 520 | _aWarns potential landlords of the pitfalls of ARLA`s buy-to-let scheme. The success of the scheme could lead to the rental market becoming saturated - forcing rents to a low level. | ||
| 650 | _aASSOCIATION OF RESIDENTIAL LETTING AGENTS | ||
| 650 | _aBUY-TO-LET | ||
| 650 | _aPRIVATE RENTED SECTOR | ||
| 650 | _aRESIDENTIAL LETTINGS | ||
| 690 | _aPROPERTY-RESIDENTIAL PROPERTY-RESIDENTIAL LANDLORD AND TENANT-RESIDENTIAL TENANCIES | ||
| 942 | _n0 | ||
| 948 | _c04/03/1997 | ||
| 999 |
_c22084 _d22084 |
||